[Event "Avoine op 24th"]
[Site "Avoine"]
[Date "2009.07.25"]
[Round "8"]
[White "Hutois, Mickael"]
[Black "Blu, Jerome"]
[Result "1-0"]
[WhiteElo "2051"]
[BlackElo "1680"]
[PlyCount "41"]
[EventDate "2009.07.18"]
[EventType "swiss"]
[EventRounds "9"]
[EventCountry "FRA"]
[SourceTitle "CBM 131 Extra"]
[Source "ChessBase"]
[SourceDate "2009.09.03"]
[SourceVersion "2"]
[SourceVersionDate "2009.09.16"]
[SourceQuality "1"]

1. e4 d5 2. exd5 Qxd5 3. Nc3 Qa5 4. d4 Nf6 5. Bd3 c6 6. Nge2 Nbd7 7. 0-0 g6 8. f3 Bg7 9. Be3 0-0 10. Ne4 Nxe4 11. fxe4 e5 12. c3 exd4 13. cxd4 Qd8 14. a4 Qe8 15. Qc2 f5 16. e5 Nxe5 17. dxe5 Bxe5 18. Bc4+ Be6 19. Bd4 Bxc4 20. Qxc4+ Kg7 21. Rfe1 1-0